000
00274nam a22001097a 4500
008
230621b xxu||||| |||| 00| 0 eng d
082
_a
328.38
_b
IFP
245
_a
International Forum of Parliamentarians on ICPD Review
260
_b
UN
_c
1999
300
_a
20p
942
_2
ddc
_c
BK
999
_c
2131
_d
2131